000 00957 a2200229 4500
005 20141209073214.0
008 141209s2011 ck d fr|||| 00| 0 spa d
020 _a9789588571492
040 _aCO-BoUCM
_bspa
_cJose A. Gerena
_dJose A. Gerena
041 0 _aspa
245 0 0 _aDiagnóstico de la calidad del agua para consumo humano año 2010
_banálisis de las políticas desde la perspectiva de los derechos humanos
_cDefensoría del pueblo
260 _c2011
_aBogotá (Colombia)
_bDefensoría del pueblo
300 _a255 páginas
_bcuadros, gráficas
650 7 _98241
_aAbastecimiento de agua
_zColombia
650 7 _911767
_aContaminación del agua
_zColombia
650 7 _925827
_aTratamiento del agua
_zColombia
651 4 _aColombia
_xAbastecimiento de agua
_966300
690 _942854
_aIngeniería
710 1 _aColombia
_bDefensoría del pueblo
_93392
942 _2DEWEY
_a14
_cLIBRO
_e1
_h328.1
_mD536
999 _c297847
_d297847